[Event "DM G5 2 2026"]
[Site "Svendborg"]
[Date "2026.04.05"]
[Round "4.4"]
[White "Agger, Lars Breinholt"]
[Black "Svendsen, Peter Willer"]
[Result "0-1"]
[WhiteElo "1866"]
[BlackElo "1908"]
[WhiteFideId "1413058"]
[BlackFideId "1405250"]
[EventDate "2026.04.02"]
[EventType "swiss"]
[EventRounds "5"]
[EventCountry "DEN"]
[SourceTitle "Live v. Kasper Jerwiarz"]

1. e4 e5 2. Nf3 d6 3. Bc4 Be7 4. O-O Nf6 5. Re1 O-O 6. c3 c6 7. d3 Nbd7 8. b4 Qc7 9. a4 b6 10. Nh4 Re8 11. Nf5 Bf8 12. Re3 d5 13. Ba2 Bb7 14. Rg3 Kh8 15. exd5 cxd5 16. Bg5 Rac8 17. h4 g6 18. Nh6 Kg7 19. h5 Nxh5 20. Nf5+ Kh8 21. Rh3 f6 22. Nh4 fxg5 23. Nxg6+ hxg6 24. g4 Nf6 25. gxh5 gxh5 26. Qf3 Qg7 27. Qf5 Rcd8 28. Re3 Bc8 29. Qf3 Ng4 30. Re1 Qf6 31. Nd2 e4 32. dxe4 dxe4 33. Qxf6+ Nxf6 34. Nb3 Rd3 35. c4 e3 36. fxe3 Rexe3 37. Rxe3 Rxe3 38. Rf1 Kg7 39. Nd4 Rd3 40. Nc6 Rd2 41. Bb1 Bh3 0-1

[Event "DM G5 2 2026"]
[Site "Svendborg"]
[Date "2026.04.05"]
[Round "4.5"]
[White "Poulsen, Albert Damgaard"]
[Black "Reiths, Henning"]
[Result "1/2-1/2"]
[WhiteElo "1917"]
[BlackElo "1722"]
[WhiteFideId "1478613"]
[BlackFideId "1410431"]
[EventDate "2026.04.02"]
[EventType "swiss"]
[EventRounds "5"]
[EventCountry "DEN"]
[SourceTitle "Live v. Kasper Jerwiarz"]

1. e4 c5 2. Nf3 Nc6 3. d4 cxd4 4. Nxd4 Nf6 5. Nc3 e5 6. Ndb5 d6 7. Bg5 a6 8. Na3 b5 9. Nd5 Qa5+ 10. Bd2 Qd8 11. Bd3 Nxd5 12. exd5 Ne7 13. O-O Rb8 14. c4 b4 15. Nc2 a5 16. f4 g6 17. fxe5 dxe5 18. b3 Bg7 19. a3 O-O 20. axb4 axb4 21. Ra4 Bf5 22. Bxb4 Rxb4 23. Rxb4 e4 24. Be2 Bc3 25. Ra4 Qb6+ 26. Kh1 Bd7 27. Ra2 Nf5 28. b4 Qd6 29. c5 Ng3+ 30. hxg3 Qxg3 31. Bf3 Be5 32. Kg1 Qh2+ 33. Kf2 Bg3+ 34. Ke3 exf3 35. Qxf3 Re8+ 36. Kd4 Bf5 37. Kc3 Re4 38. Kb3 Be5 39. Ne3 Qh4 40. Ra8+ Kg7 41. Nxf5+ gxf5 42. Ra4 Rc4 43. d6 Qd4 44. Rf2 Rc3+ 45. Qxc3 Qxc3+ 46. Ka2 Qa1+ 47. Kb3 Qc3+ 48. Ka2 Qa1+ 1/2-1/2

[Event "DM G5 2 2026"]
[Site "Svendborg"]
[Date "2026.04.05"]
[Round "4.6"]
[White "Kristensen, Frank"]
[Black "Skjoldborg, Lasse Dahl"]
[Result "1-0"]
[WhiteElo "1657"]
[BlackElo "1497"]
[WhiteFideId "1441957"]
[BlackFideId "1447831"]
[EventDate "2026.04.02"]
[EventType "swiss"]
[EventRounds "5"]
[EventCountry "DEN"]
[SourceTitle "Live v. Kasper Jerwiarz"]

1. e4 e5 2. Nf3 Nc6 3. Bb5 d5 4. Nxe5 Ne7 5. d4 Qd6 6. O-O dxe4 7. c3 f6 8. Nxc6 Nxc6 9. Re1 Qe6 10. d5 Qe5 11. c4 a6 12. Nc3 Bf5 13. Bxc6+ bxc6 14. dxc6 Bc5 15. Qd5 Qxd5 16. cxd5 Rd8 17. Bf4 Bd6 18. Bxd6 Rxd6 19. f3 O-O 20. fxe4 Bg6 21. Re3 Rb8 22. b3 Re8 23. Rae1 Re5 24. h3 h6 25. Kf2 Kf7 26. Kf3 f5 27. exf5 Rxf5+ 28. Ke2 Kg8 29. Kd2 Rg5 30. R1e2 Bf7 31. Re5 Rgg6 32. Ke1 Rd8 33. Rd2 Rg3 34. Ne4 Rg6 35. Nc5 a5 36. Nb7 Ra8 37. Re7 Rc8 38. Nxa5 Rd6 39. Re5 Rf6 40. Nc4 Rf8 41. Ne3 Rd6 42. Nf5 Rf6 43. d6 Bg6 44. Ne7+ Kh7 45. Nxg6 Kxg6 46. d7 Rf1+ 47. Ke2 R8f2+ 48. Kd3 1-0

[Event "DM G5 2 2026"]
[Site "Svendborg"]
[Date "2026.04.05"]
[Round "4.7"]
[White "Munch, Niels Christian"]
[Black "Nielsen, Oliver Bjerring"]
[Result "0-1"]
[WhiteElo "1781"]
[BlackElo "1910"]
[WhiteFideId "1470744"]
[BlackFideId "1486926"]
[EventDate "2026.04.02"]
[EventType "swiss"]
[EventRounds "5"]
[EventCountry "DEN"]
[SourceTitle "Live v. Kasper Jerwiarz"]

1. c4 a6 2. e4 e5 3. Nc3 Nf6 4. g3 Bc5 5. Bg2 b5 6. d3 bxc4 7. dxc4 d6 8. Nge2 h5 9. Bg5 c6 10. O-O h4 11. Bxh4 Rxh4 12. gxh4 Ng4 13. h3 Qxh4 14. hxg4 Bxg4 15. Qd3 Nd7 16. Qg3 Qh5 17. Rfe1 O-O-O 18. Kf1 Rh8 19. f3 Nf6 20. Ng1 Be6 21. b3 Rh6 22. Re2 Rg6 23. Qe1 Qh2 24. Rf2 Nh5 25. Ke2 Bxf2 26. Kxf2 Rxg2+ 27. Ke3 Qf4+ 28. Kd3 f5 29. Nce2 fxe4+ 30. fxe4 Qh2 31. Kc3 Nf4 32. Nxf4 Rc2+ 33. Kb4 exf4 34. Nf3 a5+ 35. Ka3 Qh5 36. e5 Qxf3 37. exd6 Qe3 38. Qxa5 Kb7 39. Qc7+ Ka6 40. Qxc6+ Ka7 41. Qc7+ Ka8 42. Rh1 Qa7+ 43. Qxa7+ Kxa7 44. Rd1 Bd7 45. Rg1 Kb7 46. Rxg7 Kc6 47. Rf7 Rf2 48. Rf6 f3 49. b4 Rf1 50. Ka4 f2 51. Ka5 Be6 52. c5 Bxa2 53. b5+ Kxc5 54. d7 Be6 0-1

[Event "DM G5 2 2026"]
[Site "Svendborg"]
[Date "2026.04.06"]
[Round "5.1"]
[White "Hansen, Henrik Damgaard"]
[Black "Almasy, Alexander Christian"]
[Result "0-1"]
[WhiteElo "1843"]
[BlackElo "1941"]
[WhiteFideId "1409735"]
[BlackFideId "1415700"]
[EventDate "2026.04.02"]
[EventType "swiss"]
[EventRounds "5"]
[EventCountry "DEN"]
[SourceTitle "Live v. Kasper Jerwiarz"]

1. e4 c6 2. d4 d5 3. f3 e6 4. Nc3 Qb6 5. a3 Nf6 6. Rb1 Be7 7. Be3 O-O 8. b4 Qc7 9. e5 Nfd7 10. Bd3 b6 11. Nce2 Ba6 12. f4 c5 13. c3 Bxd3 14. Qxd3 a5 15. Nf3 axb4 16. axb4 Ra3 17. bxc5 bxc5 18. Bc1 c4 19. Qc2 Ra6 20. O-O Nc6 21. g3 Rfa8 22. Bb2 h6 23. Nd2 Ra2 24. Nc1 R2a6 25. Ne2 Nb6 26. Ra1 Rxa1 27. Rxa1 Rxa1+ 28. Bxa1 Qa7 29. Qb1 Qa6 30. Kf2 Na7 31. Kf3 Nb5 32. Ke3 Na3 33. Qc1 Qa4 34. Kf2 Qa5 35. Nb1 Nb5 36. Qb2 f6 37. exf6 Bxf6 38. Nc1 Nd6 39. Qa2 Ne4+ 40. Ke3 Bxd4+ 41. cxd4 Qe1+ 42. Kf3 Qf1+ 43. Ke3 Qxc1+ 44. Kf3 Qxb1 45. Qxb1 Nd2+ 46. Ke2 Nxb1 47. Bb2 Na4 48. Bc1 Nbc3+ 0-1

[Event "DM G5 2 2026"]
[Site "Svendborg"]
[Date "2026.04.06"]
[Round "5.2"]
[White "Hamborg, Leif"]
[Black "Kristensen, Frank"]
[Result "1/2-1/2"]
[WhiteElo "1863"]
[BlackElo "1657"]
[WhiteFideId "1402838"]
[BlackFideId "1441957"]
[EventDate "2026.04.02"]
[EventType "swiss"]
[EventRounds "5"]
[EventCountry "DEN"]
[SourceTitle "Live v. Kasper Jerwiarz"]

1. e4 e5 2. Bc4 Nf6 3. d3 Nc6 4. Nc3 Bc5 5. Be3 Bxe3 6. fxe3 O-O 7. Nf3 d6 8. Qe2 Bg4 9. h3 Bh5 10. O-O-O Na5 11. g4 Bg6 12. Nd2 a6 13. h4 h6 14. Qg2 Nxc4 15. Nxc4 b5 16. Nd2 b4 17. Ne2 Ne8 18. h5 Bh7 19. Nf3 f6 20. Ng3 Qe7 21. Nh4 Qe6 22. Ng6 Rf7 23. Nf5 Qxa2 24. Nfe7+ Rxe7 25. Nxe7+ Kf7 26. Nf5 Qd5 1/2-1/2

[Event "DM G5 2 2026"]
[Site "Svendborg"]
[Date "2026.04.06"]
[Round "5.3"]
[White "Rasmussen, Steen Hulthin"]
[Black "Svendsen, Peter Willer"]
[Result "1/2-1/2"]
[WhiteElo "1999"]
[BlackElo "1908"]
[WhiteFideId "1419307"]
[BlackFideId "1405250"]
[EventDate "2026.04.02"]
[EventType "swiss"]
[EventRounds "5"]
[EventCountry "DEN"]
[SourceTitle "Live v. Kasper Jerwiarz"]

1. e4 e5 2. Nf3 d6 3. Bc4 Be7 4. d4 Nd7 5. Nc3 Ngf6 6. h3 O-O 7. Be3 c6 8. a4 Qc7 9. dxe5 dxe5 10. O-O Nc5 11. Nd2 Rd8 12. Qe2 Ne6 13. Bxe6 1/2-1/2

[Event "DM G5 2 2026"]
[Site "Svendborg"]
[Date "2026.04.06"]
[Round "5.4"]
[White "Munch, Niels Christian"]
[Black "Poulsen, Albert Damgaard"]
[Result "0-1"]
[WhiteElo "1781"]
[BlackElo "1917"]
[WhiteFideId "1470744"]
[BlackFideId "1478613"]
[EventDate "2026.04.02"]
[EventType "swiss"]
[EventRounds "5"]
[EventCountry "DEN"]
[SourceTitle "Live v. Kasper Jerwiarz"]

1. c4 e5 2. e4 Nf6 3. Nc3 Bc5 4. g3 O-O 5. Bg2 Nc6 6. Nge2 a5 7. O-O Nd4 8. Kh1 c6 9. h3 Rb8 10. d3 b5 11. f4 d6 12. Nxd4 Bxd4 13. Ne2 Ba7 14. fxe5 dxe5 15. Bg5 bxc4 16. Bxf6 gxf6 17. Rf3 Rxb2 18. g4 Ba6 19. Ng3 cxd3 20. Nf5 d2 21. Rb3 Rxb3 22. axb3 Qd7 23. Rc1 dxc1=Q 24. Qxc1 Bc8 0-1

[Event "DM G5 2 2026"]
[Site "Svendborg"]
[Date "2026.04.06"]
[Round "5.5"]
[White "Jensen, Henrik W"]
[Black "Agger, Lars Breinholt"]
[Result "1-0"]
[WhiteElo "2033"]
[BlackElo "1866"]
[WhiteFideId "1403320"]
[BlackFideId "1413058"]
[EventDate "2026.04.02"]
[EventType "swiss"]
[EventRounds "5"]
[EventCountry "DEN"]
[SourceTitle "Live v. Kasper Jerwiarz"]

1. e4 c5 2. Nf3 d6 3. Bb5+ Bd7 4. Bxd7+ Nxd7 5. O-O g6 6. c3 Bg7 7. d4 cxd4 8. cxd4 Rc8 9. Nc3 Nb6 10. Bf4 Nf6 11. Re1 Nh5 12. Bg5 h6 13. Bd2 O-O 14. b3 e5 15. dxe5 dxe5 16. g3 Qd7 17. Qe2 Qh3 18. Rac1 Kh7 19. Be3 f5 20. exf5 Rxf5 21. Nh4 Rf7 22. Qd3 Qe6 23. Qe4 Qc6 24. Nd5 Qd6 25. Nxb6 Rxc1 26. Rxc1 axb6 27. Kg2 Rd7 28. Kg1 Rf7 29. Kg2 Rd7 30. Rc2 Qe6 31. Rc4 Qd6 32. a4 Re7 33. Rc2 Rf7 34. Rd2 Qf6 35. Qg4 Qc6+ 36. Kh3 Qf6 37. Rd7 Rf8 38. Rxb7 g5 39. Rxb6 Qf7 40. Ng6 1-0

[Event "DM G5 2 2026"]
[Site "Svendborg"]
[Date "2026.04.06"]
[Round "5.6"]
[White "Reiths, Henning"]
[Black "Skjoldborg, Lasse Dahl"]
[Result "1-0"]
[WhiteElo "1722"]
[BlackElo "1497"]
[WhiteFideId "1410431"]
[BlackFideId "1447831"]
[EventDate "2026.04.02"]
[EventType "swiss"]
[EventRounds "5"]
[EventCountry "DEN"]
[SourceTitle "Live v. Kasper Jerwiarz"]

1. d4 d5 2. Bg5 h6 3. Bh4 g5 4. Bg3 f5 5. e3 Nf6 6. c4 Ne4 7. Qh5+ Kd7 8. Be5 Rg8 9. Qf7 c6 10. Nc3 Qa5 11. Rc1 Nxc3 12. bxc3 Qa3 13. Kd2 Qxa2+ 14. Rc2 Qa5 15. Qxg8 Na6 16. Bd3 1-0

[Event "DM G5 2 2026"]
[Site "Svendborg"]
[Date "2026.04.06"]
[Round "5.7"]
[White "Nielsen, Oliver Bjerring"]
[Black "Veise, Svend"]
[Result "1-0"]
[WhiteElo "1910"]
[BlackElo "1916"]
[WhiteFideId "1486926"]
[BlackFideId "1413490"]
[EventDate "2026.04.02"]
[EventType "swiss"]
[EventRounds "5"]
[EventCountry "DEN"]
[SourceTitle "Live v. Kasper Jerwiarz"]

1. d4 d5 2. e4 dxe4 3. Nc3 Nf6 4. f3 exf3 5. Nxf3 c6 6. Bd3 Bg4 7. Be3 e6 8. O-O Nd5 9. Bd2 Be7 10. Qe1 Nd7 11. Qg3 Bxf3 12. Qxf3 Bf6 13. Nxd5 cxd5 14. c3 O-O 15. Qh3 g6 16. Rf2 e5 17. Raf1 exd4 18. Rxf6 Nxf6 19. Bg5 Qd7 20. Bf5 Qe7 21. Qh4 Rae8 22. Bxf6 Qe3+ 23. Kh1 dxc3 24. Bxc3 Re5 25. Bxe5 Qxe5 26. Bd7 Qxb2 27. Qf6 Qxa2 28. Be6 Qa3 29. Bxf7+ Rxf7 30. Qxf7+ Kh8 31. Qxd5 Qe7 32. Qd4+ Kg8 33. Qxa7 Kg7 34. Rb1 Qe5 35. Rxb7+ Kh6 36. Rxh7+ Kg5 37. Qe7+ Kg4 38. Rh4+ Kf5 39. Qxe5+ Kxe5 40. Rg4 Kf5 41. h3 g5 42. Kg1 Kg6 43. h4 Kh5 44. hxg5 Kxg4 45. g6 1-0